[Event "Challenge"]
[Site "http://www.queenalice.com/game.php?id=1181508"]
[Date "2013.5.15"]
[Round "-"]
[White "mrPibb"]
[Black "leduar"]
[Result "1-0"]
[WhiteElo "1680"]
[BlackElo "1951"]

1. e4 e5 2. Nf3 Nf6 3. Nxe5 d6 4. Nf3 Nxe4 5. d3 Nf6 6. Nc3 Nc6 7. g3 Be7 8. Bg2
Bd7 9. O-O O-O 10. Bf4 Re8 11. Re1 a6 12. Qd2 d5 13. d4 Nh5 14. Nxd5 Nxf4 15.
Nxf4 Bb4 16. c3 Ba5 17. Rxe8+ Bxe8 18. Qd3 Qf6 19. Re1 Rd8 20. Nd2 Ne5 21. dxe5
Qg5 22. Ne4 Rxd3 23. Nxg5 Rd2 24. Rb1 Bb6 25. Bxb7 Rxf2 26. Kh1 h6 27. Ngh3 Rd2
28. a3 c6 29. Bxa6 g5 30. Nh5 f5 31. Nf6+ Kf8 32. Nxe8 Kxe8 33. Bc8 f4 34. gxf4
gxf4 35. Nxf4 Be3 36. Nh5 Kd8 37. Bg4 Ke7 38. a4 Rd5 39. b4 Rxe5 40. a5 Re4 41.
a6 Rxg4 42. Re1 Re4 43. a7 Bxa7 44. Rxe4+ 1-0

[Event "Challenge"]
[Site "http://www.queenalice.com/game.php?id=1191883"]
[Date "2013.6.17"]
[Round "-"]
[White "mrPibb"]
[Black "Excsiu"]
[Result "0-1"]
[WhiteElo "1744"]
[BlackElo "1612"]

1. d4 d5 2. Bg5 f6 3. Bf4 Nc6 4. Nf3 g5 5. Bg3 Bg7 6. Nbd2 e5 7. e4 exd4 8. exd5
Ne5 9. Be2 Qxd5 10. Nb3 c5 11. c3 d3 12. Bf1 Qe4+ 0-1

[Event "Challenge"]
[Site "http://www.queenalice.com/game.php?id=1193322"]
[Date "2013.6.22"]
[Round "-"]
[White "Football_rules"]
[Black "mrPibb"]
[Result "0-1"]
[WhiteElo "1654"]
[BlackElo "1817"]

1. e4 c5 2. Bc4 e6 3. Nf3 Nc6 4. c3 d5 5. exd5 exd5 6. Qe2+ Be7 7. h3 dxc4 8.
Qxc4 Nf6 9. Ng5 O-O 10. O-O Nd5 11. Qd3 Bxg5 12. c4 Nf6 13. Qc3 Re8 14. d3 Be6
15. Bxg5 Qd4 16. Qd2 Rad8 17. Nc3 Qxd3 18. Qf4 Qf5 19. Qg3 Bxc4 20. Bh6 g6 21.
a3 Bxf1 22. Rxf1 Ne4 23. Nxe4 Rxe4 24. Qc3 Qe5 25. Qb3 Re1 26. Qxb7 Rxf1+ 27.
Kxf1 Rd1# 0-1

[Event "Challenge"]
[Site "http://www.queenalice.com/game.php?id=1195037"]
[Date "2013.6.28"]
[Round "-"]
[White "thiagobrumchess"]
[Black "mrPibb"]
[Result "0-1"]
[WhiteElo "1589"]
[BlackElo "1755"]

1. d4 Nf6 2. Nf3 c5 3. dxc5 e6 4. Nc3 Bxc5 5. Bg5 Qb6 6. e4 Bxf2+ 7. Ke2 O-O 8.
Rb1 d6 9. Kd2 Nc6 10. Bd3 d5 11. exd5 exd5 12. Rf1 Bc5 13. a3 Ne4+ 14. Nxe4 dxe4
15. Bxe4 f6 0-1

[Event "Challenge"]
[Site "http://www.queenalice.com/game.php?id=1207231"]
[Date "2013.8.11"]
[Round "-"]
[White "perucona"]
[Black "mrPibb"]
[Result "0-1"]
[WhiteElo "1269"]
[BlackElo "1758"]

1. e4 e5 2. d4 exd4 3. Qxd4 Nc6 4. Qd5 Nf6 5. Qd3 d6 6. Bg5 h6 7. Bxf6 Qxf6 8.
Nc3 Be7 9. O-O-O Be6 10. Nf3 O-O-O 11. Be2 Qg6 12. Rd2 Qxg2 13. Rdd1 Qxf2 14. h4
Ne5 15. Qd2 Nxf3 16. Bxf3 Qxd2+ 17. Rxd2 g5 18. h5 Rhg8 19. Rhd1 g4 20. Bg2 g3
21. Ne2 Bg5 22. Kb1 Bxd2 23. Rxd2 Rg5 24. b3 c5 25. Kc1 Rxh5 26. Nf4 Rh2 27. Bf3
Rxd2 28. a3 Rf2 29. Kd1 Rxf3 30. Ne2 g2 31. a4 Rf1+ 32. Kd2 h5 33. Ke3 Bg4 34.
Ng3 g1=Q+ 35. Kd3 Qxg3+ 36. Kc4 Be6+ 37. Kb5 Qc3 38. a5 Qb4# 0-1

[Event "Let's Play Chess!"]
[Site "http://www.queenalice.com/game.php?id=1208760"]
[Date "2013.8.16"]
[Round "-"]
[White "mrPibb"]
[Black "Eggchaser"]
[Result "1-0"]
[WhiteElo "1778"]
[BlackElo "1806"]

1. e4 c5 2. Nf3 d6 3. d4 cxd4 4. Nxd4 Nf6 5. Nc3 g6 6. Be2 Bg7 7. O-O Nc6 8. Nb3
O-O 9. Be3 a6 10. Qd2 b5 11. Bh6 b4 12. Bxg7 bxc3 13. Qxc3 Nxe4 14. Qxc6 1-0

[Event "Let's Play Chess!"]
[Site "http://www.queenalice.com/game.php?id=1210808"]
[Date "2013.8.23"]
[Round "-"]
[White "mrPibb"]
[Black "charles31"]
[Result "0-1"]
[WhiteElo "1810"]
[BlackElo "1798"]

1. e4 e5 2. Nf3 d6 3. d4 exd4 4. Nxd4 a6 5. Nc3 c5 6. Nf3 Bd7 7. Be2 Be7 8. O-O
h6 9. Nd5 Nf6 10. Nxf6+ Bxf6 11. c3 Bc6 12. Qc2 O-O 13. Be3 b5 14. c4 b4 15.
Rfd1 Qe7 16. Bd3 Nd7 17. Nd2 Ne5 18. Be2 a5 19. f3 Ng6 20. a4 Be5 21. g3 Qd7 22.
f4 Bf6 23. Nf3 Rfe8 24. Bd3 Qe7 25. f5 Ne5 26. Nxe5 Bxe5 27. Rab1 Qd7 28. b3 Kh7
29. Rf1 Rg8 30. Be2 g6 31. fxg6+ fxg6 32. Rf3 Raf8 33. Rbf1 Rxf3 34. Rxf3 Qe7
35. Bd3 Bd7 36. Qf2 Kg7 37. h4 Bg4 38. Rf7+ Qxf7 39. Bxh6+ Kxh6 40. Qxf7 Rg7 41.
Qd5 g5 42. Qa8 gxh4 43. gxh4 Be2+ 0-1

[Event "Challenge"]
[Site "http://www.queenalice.com/game.php?id=1211543"]
[Date "2013.8.26"]
[Round "-"]
[White "mrPibb"]
[Black "Football_rules"]
[Result "0-1"]
[WhiteElo "1853"]
[BlackElo "1647"]

1. e4 e5 2. Nf3 d6 3. d4 exd4 4. Nxd4 Qf6 5. Nc3 a6 6. Bd3 Bd7 7. O-O Ne7 8. Re1
Qxd4 9. Be3 Qf6 10. Qe2 Ng6 11. Nd5 Qd8 12. Bg5 Be7 13. Bxe7 Nxe7 14. Qh5 Nbc6
15. Re3 Ne5 0-1

[Event "Challenge"]
[Site "http://www.queenalice.com/game.php?id=1213895"]
[Date "2013.9.2"]
[Round "-"]
[White "mrPibb"]
[Black "constantin"]
[Result "1-0"]
[WhiteElo "1782"]
[BlackElo "1832"]

1. e4 e5 2. Nf3 Nc6 3. Bb5 Nge7 4. O-O a6 5. Ba4 h6 6. Nc3 b5 7. Bb3 d6 8. d3
Bg4 9. Be3 Qd7 10. h3 Bxf3 11. Qxf3 Ng6 12. Nd5 f6 13. a4 Nce7 14. axb5 Nxd5 15.
Bxd5 Qxb5 16. Bxa8 Be7 17. Qg4 Nf8 18. Qc8+ Kf7 19. Bd5+ Kg6 20. Qf5# 1-0

[Event "Challenge"]
[Site "http://www.queenalice.com/game.php?id=1223766"]
[Date "2013.10.11"]
[Round "-"]
[White "victorbush1"]
[Black "mrPibb"]
[Result "1-0"]
[WhiteElo "2000"]
[BlackElo "1811"]

1. d4 Nf6 2. c4 e6 3. Nc3 b6 4. Nf3 Bb7 5. e3 Bd6 6. Bd3 O-O 7. O-O c5 8. Re1
Nc6 9. a3 a6 10. h3 Qc7 11. d5 exd5 12. Nxd5 Nxd5 13. cxd5 Ne5 14. Nxe5 Bxe5 15.
e4 f5 16. exf5 Bxd5 17. Qg4 Rae8 18. Bh6 d6 19. Bc1 Qc6 20. Re2 c4 21. Bh6 Rf7
22. Rc1 Qa4 23. Bc2 Qd7 24. Rb1 b5 25. Bf4 Bxf4 26. Rxe8+ Qxe8 27. Qxf4 Re7 28.
Qxd6 Be4 29. Re1 Qd7 30. Qxd7 1-0

[Event "Challenge"]
[Site "http://www.queenalice.com/game.php?id=1224565"]
[Date "2013.10.14"]
[Round "-"]
[White "mrPibb"]
[Black "Pion1612"]
[Result "0-1"]
[WhiteElo "1740"]
[BlackElo "1849"]

1. e4 e5 2. Nf3 Bd6 3. Bc4 b6 4. d4 exd4 5. Nxd4 Bb7 6. Qg4 g6 7. O-O Qe7 8. Re1
Qe5 9. Nf3 Qg7 10. Nc3 Nc6 11. a3 Nf6 12. Qg5 O-O-O 13. Be3 Rde8 14. Qh6 Qxh6
15. Bxh6 Ng4 16. Bd2 Nce5 17. Nxe5 Nxe5 18. Bb3 a6 19. Bd5 h5 20. Bxb7+ Kxb7 21.
Rad1 Rhg8 22. b4 c5 23. Rb1 cxb4 24. axb4 Rc8 25. Red1 Rc4 26. f3 Bxb4 27. Nd5
Bxd2 28. Rxd2 b5 29. f4 Nc6 30. Nf6 Rd8 31. h3 b4 32. Kf2 a5 33. g3 a4 34. Nd5
Rxe4 35. Kf3 f5 36. Nf6 Rd4 37. Rbd1 Rxd2 38. Rxd2 d6 39. Nd5 a3 40. c3 b3 0-1

[Event "Challenge"]
[Site "http://www.queenalice.com/game.php?id=1227936"]
[Date "2013.10.28"]
[Round "-"]
[White "mrPibb"]
[Black "constantin"]
[Result "0-1"]
[WhiteElo "1776"]
[BlackElo "1840"]

1. c4 c5 2. Nf3 h6 3. g3 Nc6 4. Bg2 e6 5. Nc3 a6 6. O-O Nf6 7. d3 Be7 8. Be3 d6
9. Nd2 Bd7 10. a3 e5 11. b4 cxb4 12. axb4 Nxb4 13. Bxb7 Rb8 14. Bg2 Bc6 15.
Bxc6+ Nxc6 16. Rxa6 Qd7 17. Qa4 Rc8 18. Ra1 O-O 19. Ra8 Rxa8 0-1

[Event "Pibb1"]
[Site "http://www.queenalice.com/game.php?id=1229813"]
[Date "2013.11.4"]
[Round "-"]
[White "mrPibb"]
[Black "Equiferus"]
[Result "0-1"]
[WhiteElo "1798"]
[BlackElo "1800"]

1. e4 d5 2. exd5 Nf6 3. d4 Nxd5 4. Nf3 Bg4 5. c4 Nb6 6. Be2 e6 7. Nc3 Bxf3 8.
Bxf3 c6 9. O-O Be7 10. Bf4 Nxc4 11. Qb3 Na5 12. Qc2 Qxd4 13. Rad1 Qxf4 0-1

[Event "Pibb2"]
[Site "http://www.queenalice.com/game.php?id=1233119"]
[Date "2013.11.18"]
[Round "-"]
[White "mrPibb"]
[Black "Equiferus"]
[Result "0-1"]
[WhiteElo "1758"]
[BlackElo "1777"]

1. d4 f5 2. Nf3 Nf6 3. Bg5 g6 4. e3 Bg7 5. Nbd2 O-O 6. Bd3 d6 7. c3 Nc6 8. Qe2
Re8 9. O-O-O a6 10. h3 b5 11. h4 d5 12. Bxf6 exf6 13. h5 Qd6 14. hxg6 hxg6 15.
Nh4 Kf7 16. g4 g5 17. Nxf5 Bxf5 18. gxf5 Rh8 19. Rh5 Rh6 20. Rdh1 Rah8 21. Rxh6
Rxh6 22. Nb3 Rxh1+ 0-1

[Event "Let's Play Chess!"]
[Site "http://www.queenalice.com/game.php?id=1243542"]
[Date "2013.12.29"]
[Round "-"]
[White "mrPibb"]
[Black "Eggchaser"]
[Result "0-1"]
[WhiteElo "1748"]
[BlackElo "1958"]

1. d4 Nf6 2. c4 g6 3. Nf3 Bg7 4. Bg5 Ne4 5. Bf4 d6 6. e3 O-O 7. Nbd2 Nxd2 8.
Qxd2 Nd7 9. Bd3 c5 10. d5 Nf6 11. O-O-O Bd7 12. e4 a6 13. h4 b5 14. e5 Nh5 15.
Rde1 Nxf4 16. Qxf4 bxc4 17. Bxc4 Bb5 18. h5 Bxc4 19. Qxc4 Qb6 20. g4 Rab8 21.
Re2 Qb4 22. Qxb4 Rxb4 23. exd6 exd6 24. g5 Rf4 25. Nd2 Rf5 26. h6 Be5 27. Nc4
Bf4+ 28. Kc2 Rxg5 29. Re7 Rxd5 30. Ra7 Re8 31. Rxa6 f5 32. Ne3 Bxe3 33. fxe3 Re7
34. Rd1 Rxd1 35. Kxd1 Rd7 36. Kd2 Kf7 37. a4 Kf6 38. a5 Kg5 39. Kc3 Kxh6 40. Kc4
Kg5 41. Kd5 h5 42. Rxd6 Rh7 43. a6 h4 44. Kc6 h3 45. Rd1 h2 46. Rh1 Kg4 47. a7
Rxa7 48. Rxh2 c4 49. Kc5 Rc7+ 50. Kd4 Rc6 51. Kd5 Rc8 52. Kd4 Kg3 53. Rc2 Kf3
0-1

[Event "Let's Play Chess!"]
[Site "http://www.queenalice.com/game.php?id=1244493"]
[Date "2014.1.2"]
[Round "-"]
[White "mrPibb"]
[Black "novoselic"]
[Result "1-0"]
[WhiteElo "1727"]
[BlackElo "2081"]

1. e4 c5 2. Nf3 d6 3. d4 cxd4 4. Nxd4 Nf6 5. Nc3 g6 6. Be2 Bg7 7. O-O O-O 8. Be3
Nc6 9. a3 Bd7 10. f4 Ng4 11. Bxg4 Bxg4 12. Qxg4 Nxd4 13. Rf2 Rc8 14. Qd1 Nc6 15.
a4 Na5 16. Bd4 Nc6 17. Bxg7 Kxg7 18. Qd3 Qb6 19. Qb5 Qc7 20. Nd5 Qd7 21. Re1 e6
22. Nc3 a6 23. Qd3 f5 24. exf5 Rxf5 25. Rfe2 Re8 26. Ne4 Rd5 27. Qg3 Nd4 28. Rd2
Nf3+ 29. Qxf3 Qxa4 30. Rxd5 exd5 31. Qc3+ Kh6 32. Ng5 Rxe1+ 33. Qxe1 Qd4+ 34.
Kh1 Qxf4 35. Ne6 Qf6 36. Qd2+ g5 37. h4 Kh5 38. Nxg5 h6 39. Nf3 Qf5 40. Qb4 Qxc2
41. Qxd6 Qf5 42. Qg3 Qb1+ 43. Kh2 Qxb2 44. Kh3 Qb4 45. Ne5 Qe4 46. Qf2 Qxe5 47.
Qf7# 1-0

[Event "OS INCLIVEIS"]
[Site "http://www.queenalice.com/game.php?id=1253815"]
[Date "2014.2.4"]
[Round "-"]
[White "adelio"]
[Black "mrPibb"]
[Result "0-1"]
[WhiteElo "1917"]
[BlackElo "1748"]

1. d4 Nf6 2. c4 c5 3. d5 e6 4. Bg5 exd5 5. cxd5 h6 6. Bxf6 Qxf6 7. Nc3 d6 8. e4
Nd7 9. Nb5 Qd8 10. Be2 a6 11. Nc3 Be7 12. g3 b5 13. Nf3 b4 14. Nb1 O-O 15. h4 a5
16. Nbd2 a4 17. h5 Bf6 18. Nh4 Bxb2 19. Nf5 Bxa1 20. Qxa1 Nf6 21. Nxh6+ gxh6 22.
f3 Ba6 23. Nc4 Bxc4 24. Bxc4 Nd7 25. f4 Qa5 26. O-O Rfb8 27. e5 b3 28. Qb2 Nb6
29. axb3 Nxc4 30. Qc2 Ne3 31. Qe2 Nxf1 32. Qxf1 axb3 33. exd6 b2 34. d7 b1=Q 35.
d8=Q+ Rxd8 36. Qxb1 Qa1 37. Qxa1 Rxa1+ 38. Kg2 Rxd5 39. g4 c4 40. Kf3 Rd3+ 41.
Ke4 Re1+ 42. Kf5 Rd5+ 43. Kf6 Re6# 0-1

[Event "OS INCLIVEIS"]
[Site "http://www.queenalice.com/game.php?id=1253818"]
[Date "2014.2.4"]
[Round "-"]
[White "mrPibb"]
[Black "adelio"]
[Result "0-1"]
[WhiteElo "1757"]
[BlackElo "1938"]

1. e4 e5 2. Nf3 g6 3. Bc4 d6 4. Nc3 Bg7 5. O-O Bg4 6. d3 Nc6 7. Be3 Nd4 8. Bxd4
a6 9. Be3 b5 10. Bd5 Nf6 11. Bxa8 Qxa8 12. Qe2 h5 13. Rad1 h4 14. d4 Nxe4 15.
Nxe4 Qxe4 16. Qd3 Bxf3 17. gxf3 Qxf3 18. Bd2 Qg4+ 19. Kh1 e4 20. Rde1 d5 21. Rg1
Qf5 22. Rg5 Qd7 23. f4 Kd8 24. Qc3 h3 25. Qg3 Bxd4 26. Bc3 c5 27. Bxd4 cxd4 28.
Qg4 Qc6 29. Re2 e3 30. f5 d3 31. cxd3 d4+ 32. Kg1 Qc1+ 0-1

[Event "Challenge"]
[Site "http://www.queenalice.com/game.php?id=1266019"]
[Date "2014.3.18"]
[Round "-"]
[White "princesher"]
[Black "mrPibb"]
[Result "0-1"]
[WhiteElo "1799"]
[BlackElo "1791"]

1. e4 c5 2. c4 Nc6 3. a3 Nf6 4. f3 g6 5. Ne2 Bg7 6. Nbc3 O-O 7. d4 cxd4 8. Nxd4
Nxd4 9. Qxd4 d6 10. Be3 a6 11. Qb6 Qxb6 12. Bxb6 Be6 13. b3 Nd7 14. Rc1 Nxb6 15.
Nb1 Rfd8 16. a4 Nd7 17. b4 Rac8 18. a5 b5 19. axb6 Nxb6 20. c5 dxc5 21. Rxc5 Na4
22. Rxc8 Rxc8 23. Kf2 Rc2+ 24. Ke3 Rb2 25. Bxa6 Rxb4 26. Rd1 Nc5 27. Rd8+ Bf8
28. Bc8 Bxc8 29. Rxc8 Nxe4 30. fxe4 Rxb1 31. Kf4 h5 32. g3 Rb2 33. h3 Rb3 34. h4
f6 35. Rd8 e5# 0-1

[Event "Challenge"]
[Site "http://www.queenalice.com/game.php?id=1266022"]
[Date "2014.3.18"]
[Round "-"]
[White "mrPibb"]
[Black "dejami"]
[Result "1-0"]
[WhiteElo "1771"]
[BlackElo "1723"]

1. e4 e5 2. Nf3 f6 3. Bc4 Nh6 4. d4 d6 5. Nc3 c6 6. d5 b5 7. Bb3 a6 8. Bxh6 gxh6
9. Nh4 c5 10. Qh5+ Ke7 11. Nf5+ Bxf5 12. Qxf5 c4 13. Qe6# 1-0

[Event "Let's Play Chess!"]
[Site "http://www.queenalice.com/game.php?id=1270793"]
[Date "2014.4.7"]
[Round "-"]
[White "mrPibb"]
[Black "FisicaModerna"]
[Result "1-0"]
[WhiteElo "1785"]
[BlackElo "1523"]

1. d4 d5 2. c4 c6 3. Nf3 Nf6 4. Bg5 e6 5. e3 dxc4 6. Nc3 Bd6 7. Bxc4 O-O 8. Qe2
b5 9. Bd3 a6 10. O-O-O Nbd7 11. h4 h6 12. Bxf6 Nxf6 13. Bb1 Bd7 14. Qd3 b4 15.
Ne4 Nxe4 16. Qxe4 f5 17. Qd3 a5 18. e4 fxe4 19. Qxe4 Qf6 20. Qh7+ Kf7 21. Ne5+
Bxe5 22. dxe5 Qe7 23. Bg6# 1-0